| 000 | 00786 a2200205 4500 | ||
|---|---|---|---|
| 010 | _aENG-89394 | ||
| 020 |
_a81820334045 _c595.00 |
||
| 035 | _aEN-72927 | ||
| 037 | _bDBAD / PUB | ||
| 082 | 1 | 4 | _a005.43 |
| 090 |
_c10845 _d10845 |
||
| 100 | _aDesai, Anil | ||
| 245 | 1 |
_aMCITP self-paced training kit (exam 70-623): _cby Anil Desai _bsupporting and troubleshooting applications on a Windows Vista client for consumer support technicians/ |
|
| 260 |
_aNew Delhi _bPrentice Hall of India _c2008 |
||
| 270 |
_aM-97, Connaught Circus _bNew Delhi _cDelhi _e110001 |
||
| 300 |
_axxv, 651p. _c24 cm ( Pbk.) _eCD-ROM |
||
| 500 | _aIncludes Index | ||
| 942 |
_adpl _cEN _k005.43 / DES |
||
| 999 |
_c10545 _d10545 |
||